000 00693nam a22001697a 4500
003 NUST
082 _a621.382,HAQ
100 _ahaq, Waqar ul
_9132915
245 _aWireless Interception and Sniffing Via SDR /
_cWaqar ul haq, Hassan Zahid, Muhammad Umair and Muhammad Umair (BETE-54 / TCC-29)
260 _aRawalpindi
_bMCS (NUST)
_cJuly, 2021
300 _a32 p.;
505 _aIntroduction (Page-10, wireless Monitoring and Interception (Page-13), Attack (Page-19), Signal Identification and Fingerprinting References (Page-29).
650 _aUG Project
_9131132
651 _a(BETE-54 / TCC-29)
_9132912
700 _aSupervised by Asst Prof Shibli Nisar, PhD
_9132916
942 _2ddc
_cPR
999 _c615940
_d615940